[Event "Ste-Foy - Tal"]
[Site "Ste-Foy CAN"]
[Date "2018.12.08"]
[Round "3"]
[White "Foucreault, Laurent"]
[Black "Poliquin, Yvon"]
[Result "0-1"]
[WhiteElo "1556"]
[BlackElo "1892"]
[PlyCount "64"]
[EventDate "2018.11.24"]
[EventType "swiss"]
[EventRounds "4"]
[EventCountry "CAN"]

1. d4 Nf6 2. Bf4 d6 3. Nf3 Bg4 4. Nbd2 g6 5. h3 Bc8 6. e3 Bg7 7. c3 Nbd7 8. Bd3
e5 9. Bh2 O-O 10. Qc2 Re8 11. O-O a6 12. dxe5 Nxe5 13. Nxe5 dxe5 14. Rad1 Qe7
15. e4 Nd7 16. a4 Nc5 17. Bc4 Bd7 18. b3 b5 19. axb5 axb5 20. Be2 Bc6 21. b4
Ne6 22. Bf3 Ra7 23. Nb3 Rea8 24. Na5 Be8 25. Qb1 c5 26. Rd5 cxb4 27. cxb4 f6
28. Be2 Nd4 29. Bd3 Bf8 30. Rc5 Rxa5 31. bxa5 Qxc5 32. Rc1 Qa3 0-1

[Event "Ste-Foy - Tal"]
[Site "Ste-Foy CAN"]
[Date "2018.12.08"]
[Round "3"]
[White "Laflamme, Simon"]
[Black "Gingras, Philippe"]
[Result "1-0"]
[WhiteElo "1977"]
[BlackElo "1927"]
[PlyCount "73"]
[EventDate "2018.11.24"]
[EventType "swiss"]
[EventRounds "4"]
[EventCountry "CAN"]

1. Nf3 c5 2. c4 Nf6 3. Nc3 Nc6 4. d4 cxd4 5. Nxd4 d6 6. e4 g6 7. Be2 Bg7 8. Nc2
a6 9. O-O O-O 10. f3 e6 11. Be3 Qc7 12. Qd2 Rd8 13. Rfd1 Ne5 14. Na4 Qc6 15.
Nb6 Rb8 16. Rac1 Nxe4 17. fxe4 Qxe4 18. Nd4 Bd7 19. Bg5 Bc6 20. Nxc6 Qxc6 21.
Be3 Qe4 22. Rf1 h5 23. Rf4 Qc6 24. Rcf1 Rf8 25. Bf3 Nxf3+ 26. R4xf3 Rbd8 27.
Qf2 d5 28. cxd5 exd5 29. Rc1 Qb5 30. Bd4 Bxd4 31. Qxd4 Rd6 32. Na4 Re8 33. Qf4
Rd7 34. Nc3 Qxb2 35. Rf2 Qa3 36. Nxd5 Rd6 37. Qxf7+ 1-0

[Event "Ste-Foy - Tal"]
[Site "Ste-Foy CAN"]
[Date "2018.12.08"]
[Round "3"]
[White "Sauve, Richard"]
[Black "Gaudreau, Eric"]
[Result "1-0"]
[WhiteElo "1823"]
[BlackElo "1648"]
[PlyCount "57"]
[EventDate "2018.11.24"]
[EventType "swiss"]
[EventRounds "4"]
[EventCountry "CAN"]

1. d4 d5 2. c4 Nc6 3. Nf3 Bg4 4. e3 e6 5. h3 Bxf3 6. Qxf3 Nf6 7. Bd2 Bb4 8. Nc3
a6 9. Bd3 e5 10. cxd5 Bxc3 11. bxc3 Qxd5 12. e4 Qd6 13. d5 Ne7 14. O-O O-O 15.
Qe2 Ng6 16. c4 Nd7 17. Rab1 b6 18. Rfc1 a5 19. Be3 Nf4 20. Qd2 Nc5 21. Bc2 Rad8
22. Rb5 Nce6 23. Qd1 Nd4 24. Bxd4 exd4 25. Qg4 Qh6 26. Rd1 Rd6 27. e5 d3 28.
Bxd3 Nxd3 29. exd6 1-0

[Event "Ste-Foy - Tal"]
[Site "Ste-Foy CAN"]
[Date "2018.12.15"]
[Round "4"]
[White "Desbiens, Raphael"]
[Black "Laflamme, Simon"]
[Result "1-0"]
[WhiteElo "2155"]
[BlackElo "1977"]
[PlyCount "121"]
[EventDate "2018.11.24"]
[EventType "swiss"]
[EventRounds "4"]
[EventCountry "CAN"]

1. e4 c6 2. d4 d5 3. Nc3 dxe4 4. Nxe4 Bf5 5. Ng3 Bg6 6. h4 h6 7. Nf3 Nd7 8. h5
Bh7 9. Bd3 Bxd3 10. Qxd3 e6 11. Bd2 Ngf6 12. O-O-O Be7 13. Kb1 O-O 14. Ne4 Nxe4
15. Qxe4 Nf6 16. Qe2 Qd5 17. Ne5 Qe4 18. Be3 Nd5 19. Qd3 Qxd3 20. Nxd3 Rfd8 21.
c4 Nxe3 22. fxe3 Bg5 23. Rh3 Rab8 24. Kc2 Kf8 25. b4 Rd7 26. a4 Bf6 27. Rf3
Rbd8 28. Nc5 Rc7 29. Ne4 Be7 30. c5 Rcd7 31. Rdf1 f6 32. g4 Kg8 33. Rb1 Rd5 34.
b5 e5 35. bxc6 bxc6 36. Rb7 R5d7 37. Rxd7 Rxd7 38. dxe5 fxe5 39. Kc3 Rd5 40.
Kc4 Rd1 41. Rf5 Rd5 42. Kb4 Bf8 43. g5 hxg5 44. Rxg5 Kf7 45. Kc4 Be7 46. Rg6
Bf6 47. Nd6+ Ke6 48. h6 gxh6 49. Ne4 Kf5 50. Nxf6 Rxc5+ 51. Kxc5 Kxg6 52. Ne4
Kf5 53. Nf2 h5 54. Kxc6 h4 55. Kb7 h3 56. Nxh3 Kg4 57. Kxa7 Kxh3 58. Kb6 Kg4
59. Kc5 Kf3 60. Kd5 e4 61. Kd4 1-0

[Event "Ste-Foy - Tal"]
[Site "Ste-Foy CAN"]
[Date "2018.12.15"]
[Round "4"]
[White "Dube, Daniel"]
[Black "Sauve, Richard"]
[Result "1-0"]
[WhiteElo "1856"]
[BlackElo "1823"]
[PlyCount "81"]
[EventDate "2018.11.24"]
[EventType "swiss"]
[EventRounds "4"]
[EventCountry "CAN"]

1. e4 e6 2. d4 d5 3. e5 c5 4. c3 Nc6 5. Nf3 Qb6 6. a3 Nh6 7. b4 cxd4 8. Bxh6
gxh6 9. cxd4 Bd7 10. Nc3 Rc8 11. Na4 Qd8 12. Nc5 b6 13. Nxd7 Qxd7 14. Bb5 a6
15. Bxa6 Rc7 16. Bb5 Bg7 17. Rc1 O-O 18. Qa4 Rfc8 19. O-O h5 20. h4 Bh6 21. Rc2
Bf4 22. g3 f6 23. exf6 h6 24. Ne5 Bxe5 25. dxe5 d4 26. Rd1 Qd5 27. Bxc6 Rxc6
28. Rxc6 Qxc6 29. Qxc6 Rxc6 30. Rxd4 b5 31. Rd6 Rc1+ 32. Kg2 Kf7 33. Rd7+ Kf8
34. Re7 Rc6 35. Rb7 Ra6 36. Rxb5 Rxa3 37. Rb8+ Kf7 38. b5 Ra5 39. Rb7+ Kg6 40.
Rg7+ Kf5 41. f7 1-0

[Event "Ste-Foy - Tal"]
[Site "Ste-Foy CAN"]
[Date "2018.12.15"]
[Round "4"]
[White "Sarra-Bournet, Marc"]
[Black "Chouinard, Etienne"]
[Result "1-0"]
[WhiteElo "1817"]
[BlackElo "1880"]
[PlyCount "159"]
[EventDate "2018.11.24"]
[EventType "swiss"]
[EventRounds "4"]
[EventCountry "CAN"]

1. e4 e5 2. Nf3 Nc6 3. Bb5 Nf6 4. O-O Bc5 5. d3 d6 6. h3 O-O 7. c3 Bd7 8. b4
Bb6 9. a4 a6 10. Bc4 Ne7 11. Bg5 Ng6 12. d4 exd4 13. cxd4 h6 14. Bxf6 Qxf6 15.
Nc3 Be6 16. Nd5 Bxd5 17. Bxd5 c6 18. Bb3 Rfe8 19. Bc2 Rad8 20. Ra3 Nh4 21. Nxh4
Qxh4 22. Rg3 h5 23. Qd3 g6 24. a5 Ba7 25. Rf3 Re6 26. d5 Rf6 27. Rxf6 Qxf6 28.
dxc6 b5 29. Bb3 Rc8 30. Qd5 Rc7 31. Kh1 Qc3 32. Qxd6 Rxc6 33. Bxf7+ Kxf7 34.
Qd7+ Kf6 35. f4 Bd4 36. e5+ Bxe5 37. fxe5+ Kxe5 38. Qe7+ Kd5 39. Rd1+ Kc4 40.
Qe4+ Kb3 41. Rd3 Qxd3 42. Qxd3+ Kxb4 43. Qe4+ Rc4 44. Qxg6 Kxa5 45. Qxh5 Kb4
46. Qg5 a5 47. Qd2+ Ka4 48. g4 b4 49. g5 b3 50. g6 Rc2 51. Qd4+ Ka3 52. g7 Rc8
53. Qd6+ Ka2 54. Qe6 Rb8 55. g8=Q Rxg8 56. Qxg8 a4 57. h4 a3 58. h5 Kb2 59.
Qg7+ Kb1 60. Qc3 Ka2 61. Qc4 Kb2 62. h6 a2 63. Qd4+ Kb1 64. h7 a1=Q 65. Qxa1+
Kxa1 66. h8=Q+ b2 67. Qc3 Ka2 68. Qc2 Ka1 69. Qa4+ Kb1 70. Kg2 Kc1 71. Qa3 Kc2
72. Qa2 Kc1 73. Qc4+ Kd1 74. Qb3+ Kc1 75. Qc3+ Kb1 76. Kf2 Ka2 77. Qc2 Ka1 78.
Qa4+ Kb1 79. Ke2 Kc1 80. Qd1# 1-0

[Event "Ste-Foy CC-ch"]
[Site "Ste-Foy CAN"]
[Date "2018.05.12"]
[Round "1"]
[White "Desbiens, Raphael"]
[Black "Chouinard, Etienne"]
[Result "1-0"]
[WhiteElo "2040"]
[BlackElo "1901"]
[PlyCount "95"]
[EventDate "2018.05.12"]
[EventType "tourn"]
[EventRounds "5"]
[EventCountry "CAN"]

1. e4 e5 2. Nf3 Nc6 3. Bb5 Nf6 4. O-O Bc5 5. c3 Nxe4 6. d4 Bb6 7. Re1 f5 8.
Rxe4 fxe4 9. Bg5 Ne7 10. Nxe5 O-O 11. Bc4+ d5 12. Bxe7 Qxe7 13. Bxd5+ Be6 14.
Bxb7 e3 15. fxe3 Rab8 16. Bc6 Rf5 17. Nf3 Bc4 18. Qe1 Qe6 19. Ba4 Kh8 20. Nbd2
Ba6 21. Bc2 Rh5 22. Nf1 Rf8 23. Ng3 Rh6 24. Qd2 c5 25. d5 Qe8 26. e4 c4+ 27.
Kh1 Bc8 28. Nd4 Qg6 29. Rf1 Rxf1+ 30. Nxf1 Qh5 31. Bd1 Qe5 32. Qe3 Bb7 33. Qg3
Rf6 34. Bf3 Bxd4 35. cxd4 Qxg3 36. hxg3 Rb6 37. Ne3 Rxb2 38. Nxc4 Rb4 39. Na5
Bc8 40. Nc6 Ra4 41. e5 Rxa2 42. Ne7 Rc2 43. e6 Bxe6 44. dxe6 a5 45. Nc6 a4 46.
e7 Rc1+ 47. Kh2 Re1 48. Ne5 1-0

[Event "Ste-Foy CC-ch"]
[Site "Ste-Foy CAN"]
[Date "2018.05.12"]
[Round "1"]
[White "Laflamme, Simon"]
[Black "Fecteau, Martin"]
[Result "0-1"]
[WhiteElo "1974"]
[BlackElo "1917"]
[PlyCount "38"]
[EventDate "2018.05.12"]
[EventType "tourn"]
[EventRounds "5"]
[EventCountry "CAN"]

1. Nf3 d5 2. c4 d4 3. b4 f6 4. e3 dxe3 5. fxe3 e5 6. c5 Be6 7. Bb2 Ne7 8. Bb5+
c6 9. Ba4 Ng6 10. O-O Be7 11. Nc3 O-O 12. Bb3 Bxb3 13. Qxb3+ Kh8 14. d4 Nd7 15.
Rad1 Qe8 16. d5 f5 17. e4 f4 18. dxc6 bxc6 19. Qe6 Bxc5+ 0-1

[Event "Ste-Foy CC-ch"]
[Site "Ste-Foy CAN"]
[Date "2018.05.12"]
[Round "1"]
[White "Sauve, Richard"]
[Black "Sarra-Bournet, Marc"]
[Result "0-1"]
[WhiteElo "1926"]
[BlackElo "1854"]
[PlyCount "70"]
[EventDate "2018.05.12"]
[EventType "tourn"]
[EventRounds "5"]
[EventCountry "CAN"]

1. d4 d5 2. c4 e6 3. Nc3 Nf6 4. Bg5 Nbd7 5. e3 Be7 6. Nf3 h6 7. Bh4 O-O 8. Qc2
b6 9. Bxf6 Nxf6 10. cxd5 exd5 11. Be2 Be6 12. O-O a6 13. Rfd1 Bd6 14. Rac1 Re8
15. Ne5 c5 16. Bf3 Rc8 17. Qa4 a5 18. Qb5 Qc7 19. Qd3 Bxe5 20. dxe5 Qxe5 21.
Bxd5 Bxd5 22. Nxd5 Nxd5 23. Qxd5 Qxb2 24. Rb1 Qf6 25. Qb7 Rb8 26. Qc7 Rec8 27.
Qa7 c4 28. Rdc1 c3 29. Rb3 c2 30. Qa6 a4 31. Qxa4 Ra8 32. Qg4 Rc5 33. a3 Rd8
34. f4 Rd2 35. Qf3 Qd8 0-1

[Event "Ste-Foy CC-ch"]
[Site "Ste-Foy CAN"]
[Date "2018.05.19"]
[Round "2"]
[White "Chouinard, Etienne"]
[Black "Sauve, Richard"]
[Result "1-0"]
[WhiteElo "1901"]
[BlackElo "1926"]
[PlyCount "67"]
[EventDate "2018.05.12"]
[EventType "tourn"]
[EventRounds "5"]
[EventCountry "CAN"]

1. d4 d5 2. e3 Nf6 3. Bd3 c5 4. c3 Nc6 5. f4 Bg4 6. Nf3 e6 7. Nbd2 Bd6 8. h3
Bh5 9. O-O Qc7 10. Qa4 c4 11. Bb1 O-O 12. Ne5 Bxe5 13. fxe5 Nd7 14. Nf3 f6 15.
exf6 Rxf6 16. Qc2 Bg6 17. Qe2 Bxb1 18. Rxb1 Ne7 19. e4 Ng6 20. e5 Rf5 21. g4
Rff8 22. Bd2 Nf4 23. Qh2 Nd3 24. Qg3 Rae8 25. Qh4 Nb6 26. Ng5 h6 27. Rxf8+ Kxf8
28. Rf1+ Kg8 29. Nf7 Qe7 30. Qh5 Nd7 31. Nxh6+ gxh6 32. Qg6+ Qg7 33. Qxe8+ Nf8
34. Rf6 1-0

[Event "Ste-Foy CC-ch"]
[Site "Ste-Foy CAN"]
[Date "2018.05.19"]
[Round "2"]
[White "Laflamme, Simon"]
[Black "Desbiens, Raphael"]
[Result "0-1"]
[WhiteElo "1974"]
[BlackElo "2040"]
[PlyCount "106"]
[EventDate "2018.05.12"]
[EventType "tourn"]
[EventRounds "5"]
[EventCountry "CAN"]

1. Nf3 Nf6 2. c4 g6 3. Nc3 d5 4. cxd5 Nxd5 5. Qb3 Nb6 6. d4 Bg7 7. Bf4 c6 8.
Rd1 Nd5 9. Be5 O-O 10. Bxg7 Kxg7 11. e3 Qb6 12. Qc2 Nd7 13. Be2 N7f6 14. Nd2
Be6 15. O-O Rac8 16. Bf3 Bg4 17. Na4 Qc7 18. Nc5 Bxf3 19. Nxf3 Nd7 20. Nxd7
Qxd7 21. Ne5 Qd6 22. Nd3 Nb4 23. Nxb4 Qxb4 24. Rd3 Qd6 25. Qc5 b6 26. Qc3 Kg8
27. Rc1 Rfd8 28. Rcd1 Rc7 29. b4 Rcd7 30. h3 Qd5 31. a3 Qb5 32. R3d2 Rd6 33.
Qb2 a5 34. bxa5 Qxa5 35. Qb4 c5 36. Qxa5 bxa5 37. d5 f5 38. f3 e6 39. e4 exd5
40. e5 Rc6 41. Rxd5 Rxd5 42. Rxd5 Kf7 43. f4 Ke6 44. Rd1 c4 45. Kf2 c3 46. Ke3
g5 47. g3 gxf4+ 48. gxf4 Rc4 49. Rc1 h5 50. Rc2 Kd5 51. Rc1 Re4+ 52. Kd3 Rxf4
53. Kxc3 Rc4+ 0-1

[Event "Ste-Foy CC-ch"]
[Site "Ste-Foy CAN"]
[Date "2018.05.19"]
[Round "2"]
[White "Sarra-Bournet, Marc"]
[Black "Fecteau, Martin"]
[Result "0-1"]
[WhiteElo "1854"]
[BlackElo "1917"]
[PlyCount "102"]
[EventDate "2018.05.12"]
[EventType "tourn"]
[EventRounds "5"]
[EventCountry "CAN"]

1. e4 e6 2. d4 d5 3. Nd2 c5 4. c3 cxd4 5. cxd4 dxe4 6. Nxe4 Bb4+ 7. Nc3 Nc6 8.
Nf3 Nf6 9. Bd3 O-O 10. O-O Bd7 11. Bg5 Be7 12. Rc1 Nb4 13. Bb1 Nfd5 14. Bxe7
Qxe7 15. Ne4 h6 16. a3 Nc6 17. Nc5 Be8 18. Re1 Rd8 19. Ne5 Nf6 20. Nf3 b6 21.
Ne4 Nd5 22. Ne5 Nxe5 23. dxe5 Nc3 24. Nf6+ Qxf6 25. Qc2 Qg6 26. Qxc3 Qg5 27.
Re3 g6 28. Qe1 Bb5 29. Rd1 Bc6 30. Be4 Rxd1 31. Qxd1 Bxe4 32. Rxe4 Rc8 33. Re3
Rc5 34. g3 Rxe5 35. f4 Rd5 36. Qc2 Qd8 37. Qf2 Rd1+ 38. Re1 Rxe1+ 39. Qxe1 Qd4+
40. Qf2 Qxf2+ 41. Kxf2 Kf8 42. Ke3 Ke7 43. Ke4 Kd6 44. g4 f5+ 45. gxf5 exf5+
46. Kf3 Kd5 47. Ke3 Kc4 48. h4 b5 49. b4 a6 50. Ke2 Kd4 51. Kf3 Kd3 0-1

[Event "Ste-Foy CC-ch"]
[Site "Ste-Foy CAN"]
[Date "2018.05.26"]
[Round "3"]
[White "Chouinard, Etienne"]
[Black "Sarra-Bournet, Marc"]
[Result "0-1"]
[WhiteElo "1901"]
[BlackElo "1854"]
[PlyCount "106"]
[EventDate "2018.05.12"]
[EventType "tourn"]
[EventRounds "5"]
[EventCountry "CAN"]

1. d4 d5 2. e3 Nf6 3. Bd3 e6 4. f4 c5 5. c3 Be7 6. Nf3 O-O 7. O-O Nc6 8. Ne5
Qb6 9. Kh1 g6 10. Nd2 Nh5 11. Qg4 f5 12. Qd1 Nxe5 13. fxe5 Bd7 14. Be2 Ng7 15.
Nf3 Rad8 16. a4 a5 17. g3 g5 18. e4 g4 19. Ng5 dxe4 20. Nxe4 Bc6 21. Bxg4 Bxe4+
22. Bf3 Bxf3+ 23. Qxf3 cxd4 24. cxd4 Qxd4 25. Qxb7 Qd5+ 26. Qxd5 Rxd5 27. Bf4
Bb4 28. Rac1 Rfd8 29. Kg2 Bd2 30. Rc7 Bxf4 31. gxf4 Rb8 32. Rg1 Kh8 33. Kh3 Rg8
34. Kh4 Rd4 35. Rf1 Rxa4 36. Re7 Rb4 37. Kg5 Rxb2 38. Kf6 Nh5+ 39. Kxe6 Rxh2
40. Ra7 Ng7+ 41. Kf7 Rb2 42. Rg1 Rbb8 43. Ra1 Rbe8 44. Kf6 Rgf8+ 45. Kg5 Ne6+
46. Kh6 Ng7 47. R1xa5 Re6+ 48. Kg5 Rg6+ 49. Kh4 Rg4+ 50. Kh3 Ne6 51. R5a6 Nxf4+
52. Kh2 Rfg8 53. Ra8 Rh4# 0-1

[Event "Ste-Foy CC-ch"]
[Site "Ste-Foy CAN"]
[Date "2018.05.26"]
[Round "3"]
[White "Fecteau, Martin"]
[Black "Desbiens, Raphael"]
[Result "0-1"]
[WhiteElo "1917"]
[BlackElo "2040"]
[PlyCount "140"]
[EventDate "2018.05.12"]
[EventType "tourn"]
[EventRounds "5"]
[EventCountry "CAN"]

1. d4 Nf6 2. c4 g6 3. g3 c6 4. Bg2 d5 5. cxd5 cxd5 6. Nf3 Bg7 7. Nc3 Nc6 8. O-O
O-O 9. Bf4 b6 10. Ne5 Bb7 11. Nxc6 Bxc6 12. Be5 Rc8 13. e3 e6 14. Rc1 Qe7 15.
Qf3 Ne8 16. Bxg7 Kxg7 17. Qe2 Nd6 18. b3 Rc7 19. Rc2 Rfc8 20. Rfc1 Qe8 21. a4
Bb7 22. Nd1 Ba6 23. Qd2 Qd7 24. Rxc7 Rxc7 25. Rxc7 Qxc7 26. Qc3 Qxc3 27. Nxc3
Bd3 28. Na2 Bc2 29. Nc1 Nb7 30. Bf1 Na5 31. b4 Nc6 32. Na2 Bxa4 33. b5 Na5 34.
Nc3 Bb3 35. Bd3 Kf6 36. f3 Ke7 37. Kf2 Kd6 38. Ke2 Nc4 39. Bxc4 Bxc4+ 40. Kd2
Kc7 41. Kc2 Kb7 42. g4 g5 43. f4 h6 44. fxg5 hxg5 45. e4 Kc7 46. Kd2 a5 47.
bxa6 b5 48. exd5 exd5 49. Nd1 Kb6 50. Kc3 Kxa6 51. Kb4 Kb6 52. Ne3 Kc6 53. Nf5
Bd3 54. Nh6 Bg6 55. Ng8 Bh7 56. Nf6 Bd3 57. Ng8 Kd6 58. Nf6 Ke6 59. Ne8 f5 60.
gxf5+ Kxf5 61. Kc5 Kg4 62. Nf6+ Kh3 63. Nxd5 Kxh2 64. Ne3 Kg3 65. d5 Bg6 66.
Kxb5 Kf4 67. Nd1 g4 68. Nf2 g3 69. Nh3+ Ke3 70. Kc6 Bf5 0-1

[Event "Ste-Foy CC-ch"]
[Site "Ste-Foy CAN"]
[Date "2018.06.02"]
[Round "4"]
[White "Desbiens, Raphael"]
[Black "Sauve, Richard"]
[Result "1-0"]
[WhiteElo "2040"]
[BlackElo "1926"]
[PlyCount "85"]
[EventDate "2018.05.12"]
[EventType "tourn"]
[EventRounds "5"]
[EventCountry "CAN"]

1. e4 e6 2. d4 d5 3. Nd2 Nf6 4. e5 Nfd7 5. Bd3 c5 6. c3 Nc6 7. Ne2 cxd4 8. cxd4
f6 9. exf6 Nxf6 10. Nf3 Bd6 11. O-O O-O 12. Bf4 Bxf4 13. Nxf4 Ne4 14. Qc1 Ng5
15. Nxg5 Qxg5 16. Ne2 Qxc1 17. Raxc1 a6 18. Rc5 Bd7 19. Rfc1 Rac8 20. a3 Nb8
21. f3 Bc6 22. R5c2 Bd7 23. Kf2 Rxc2 24. Rxc2 Rc8 25. Nc3 g6 26. Ke3 Kf7 27. h4
b5 28. a4 bxa4 29. Nxa4 Rxc2 30. Bxc2 Bb5 31. Nc3 Bd7 32. Bd3 Kf6 33. g4 h6 34.
f4 Be8 35. Bc2 Ke7 36. Na4 Bxa4 37. Bxa4 Nd7 38. g5 h5 39. Bc2 Nf8 40. b4 Kd6
41. Bd3 a5 42. bxa5 Kc6 43. Kd2 1-0

[Event "Ste-Foy CC-ch"]
[Site "Ste-Foy CAN"]
[Date "2018.06.02"]
[Round "4"]
[White "Fecteau, Martin"]
[Black "Chouinard, Etienne"]
[Result "1/2-1/2"]
[WhiteElo "1917"]
[BlackElo "1901"]
[PlyCount "66"]
[EventDate "2018.05.12"]
[EventType "tourn"]
[EventRounds "5"]
[EventCountry "CAN"]

1. g3 d5 2. d4 f5 3. Nf3 Nf6 4. c4 e6 5. Bg2 c6 6. Nbd2 Nbd7 7. Ng5 Qe7 8. O-O
h6 9. Nh3 g5 10. f3 Bg7 11. e4 O-O 12. e5 Nh7 13. Nf2 b6 14. cxd5 cxd5 15. Qa4
Bb7 16. b3 Rfc8 17. Ba3 Qd8 18. Rac1 a6 19. Bd6 Bf8 20. Qa3 a5 21. Bxf8 Nhxf8
22. Rfe1 Rxc1 23. Rxc1 Rc8 24. Bf1 Rc7 25. Bb5 Qc8 26. Rxc7 Qxc7 27. Qb2 Nb8
28. Nd3 Ba6 29. Bxa6 Nxa6 30. Qc1 Qxc1+ 31. Nxc1 Nb4 32. Nb1 Nd7 33. Nc3 Kf7
1/2-1/2

[Event "Ste-Foy CC-ch"]
[Site "Ste-Foy CAN"]
[Date "2018.06.02"]
[Round "4"]
[White "Sarra-Bournet, Marc"]
[Black "Laflamme, Simon"]
[Result "1-0"]
[WhiteElo "1854"]
[BlackElo "1974"]
[PlyCount "47"]
[EventDate "2018.05.12"]
[EventType "tourn"]
[EventRounds "5"]
[EventCountry "CAN"]

1. e4 Nf6 2. e5 Nd5 3. d4 d6 4. c4 Nb6 5. f4 dxe5 6. fxe5 Nc6 7. Be3 Bf5 8. Nf3
e6 9. Nc3 Be7 10. Rc1 O-O 11. Bd3 Bxd3 12. Qxd3 Qd7 13. O-O Rad8 14. Ne4 f6 15.
exf6 gxf6 16. c5 Nd5 17. Bh6 Rf7 18. Nfg5 fxg5 19. Rxf7 Kxf7 20. Rf1+ Kg8 21.
Nxg5 Bxg5 22. Qg3 Kh8 23. Qxg5 Rg8 24. Qxg8+ 1-0

[Event "Ste-Foy CC-ch"]
[Site "Ste-Foy CAN"]
[Date "2018.06.09"]
[Round "5"]
[White "Laflamme, Simon"]
[Black "Chouinard, Etienne"]
[Result "1-0"]
[WhiteElo "1974"]
[BlackElo "1901"]
[PlyCount "35"]
[EventDate "2018.05.12"]
[EventType "tourn"]
[EventRounds "5"]
[EventCountry "CAN"]

1. Nf3 d5 2. c4 e6 3. g3 f5 4. Bg2 Nf6 5. O-O c6 6. d3 Bd6 7. Nc3 O-O 8. e4
fxe4 9. dxe4 dxe4 10. Ng5 Be7 11. Ngxe4 Nbd7 12. Ng5 Nc5 13. Be3 h6 14. Nf3 Ng4
15. Bd4 Qc7 16. Qe2 Rxf3 17. Bxf3 e5 18. Bxc5 1-0

[Event "Ste-Foy CC-ch"]
[Site "Ste-Foy CAN"]
[Date "2018.05.27"]
[Round "5"]
[White "Sarra-Bournet, Marc"]
[Black "Desbiens, Raphael"]
[Result "1-0"]
[WhiteElo "1854"]
[BlackElo "2040"]
[PlyCount "67"]
[EventDate "2018.05.12"]
[EventType "tourn"]
[EventRounds "5"]
[EventCountry "CAN"]

1. e4 e5 2. Nf3 Nc6 3. Bb5 Nf6 4. O-O Nxe4 5. Qe2 Nd6 6. Bxc6 dxc6 7. Qxe5+ Qe7
8. d4 Be6 9. Re1 h6 10. b3 O-O-O 11. Ba3 Qd7 12. c4 Bg4 13. Nbd2 Qf5 14. h3
Bxf3 15. Nxf3 Qg6 16. Qf4 Nf5 17. Bxf8 Rhxf8 18. Re5 Nd6 19. Rae1 f6 20. Re7
Qf5 21. Qg3 g5 22. c5 Ne8 23. R1e4 Kb8 24. Nd2 Rc8 25. Qe3 Qg6 26. Qc3 Ng7 27.
d5 cxd5 28. Rb4 Nf5 29. Rd7 Rf7 30. Rxd5 c6 31. Rd3 Ne7 32. Rd7 Rc7 33. Qg3 Nd5
34. Rd8# 1-0

[Event "Ste-Foy CC-ch"]
[Site "Ste-Foy CAN"]
[Date "2018.06.09"]
[Round "5"]
[White "Sauve, Richard"]
[Black "Fecteau, Martin"]
[Result "0-1"]
[WhiteElo "1926"]
[BlackElo "1917"]
[PlyCount "112"]
[EventDate "2018.05.12"]
[EventType "tourn"]
[EventRounds "5"]
[EventCountry "CAN"]

1. d4 d5 2. c4 c6 3. e3 Bf5 4. Nc3 e6 5. Nf3 h6 6. Bd3 Bxd3 7. Qxd3 Nf6 8. O-O
Nbd7 9. e4 dxe4 10. Nxe4 Nxe4 11. Qxe4 Nf6 12. Qc2 Be7 13. b3 O-O 14. Bb2 Qc7
15. Rad1 Rfd8 16. Rfe1 Rac8 17. Ne5 Bd6 18. h3 Qe7 19. Bc3 Bb4 20. Bxb4 Qxb4
21. Qe2 Qe7 22. Qf3 Rd6 23. Qc3 Rcd8 24. Nf3 Qc7 25. Qc2 R6d7 26. Qc1 Qa5 27.
Qc2 a6 28. Re5 Qc7 29. Rde1 Rd6 30. Qc1 R6d7 31. Qc3 Rd6 32. Qb4 R6d7 33. Qc3
Rd6 34. Qb4 Nd7 35. Rh5 Nf8 36. Qc3 Ng6 37. Qe3 R6d7 38. g3 Qd6 39. h4 Qe7 40.
Kg2 Qf6 41. Ra5 Ne7 42. g4 Ng6 43. g5 Qf4 44. Qxf4 Nxf4+ 45. Kg3 Ng6 46. gxh6
gxh6 47. Ne5 Nxe5 48. dxe5 Rd2 49. Re3 R8d4 50. Ra4 Rc2 51. f4 h5 52. Ra5 Kg7
53. a4 Kg6 54. Rc5 Kf5 55. Rf3 Rdd2 56. Rf1 Rb2 0-1

[Event "Toronto Chess to Remember"]
[Site "Toronto CAN"]
[Date "2018.09.23"]
[Round "1"]
[White "Filipovich, David"]
[Black "Bykhovsky, Avigdor"]
[Result "0-1"]
[WhiteElo "1975"]
[BlackElo "2404"]
[PlyCount "63"]
[EventDate "2018.09.23"]
[EventType "swiss (rapid)"]
[EventRounds "5"]
[EventCountry "CAN"]

1. Nf3 d5 2. g3 g6 3. Bg2 Bg7 4. O-O e5 5. d3 Ne7 6. e4 O-O 7. Nc3 d4 8. Ne2 c5
9. Nd2 Nbc6 10. f4 f6 11. Nf3 h6 12. c3 Be6 13. cxd4 cxd4 14. Nh4 Bf7 15. fxe5
fxe5 16. Bh3 Qd6 17. Bd2 Be6 18. Bxe6+ Qxe6 19. Qb3 Qxb3 20. axb3 Rxf1+ 21.
Kxf1 Rf8+ 22. Kg2 a6 23. Nf3 Rc8 24. Rc1 Kf7 25. Be1 Ke6 26. Nd2 Nb4 27. Rxc8
Nxc8 28. Nc1 Na7 29. Nc4 Nac6 30. Bd2 Bf8 31. Kf3 Bg7 32. Na5 0-1

[Event "Toronto Chess to Remember"]
[Site "Toronto CAN"]
[Date "2018.09.23"]
[Round "2"]
[White "Bykhovsky, Avigdor"]
[Black "Gusev, Nikita"]
[Result "1-0"]
[WhiteElo "2404"]
[BlackElo "2237"]
[PlyCount "77"]
[EventDate "2018.09.23"]
[EventType "swiss (rapid)"]
[EventRounds "5"]
[EventCountry "CAN"]

1. e4 c5 2. Nc3 a6 3. g3 b5 4. Bg2 Bb7 5. d3 e6 6. Nf3 d5 7. exd5 exd5 8. d4 c4
9. O-O Be7 10. Ne5 Nf6 11. Bg5 O-O 12. Bxf6 Bxf6 13. Qf3 Ra7 14. Nxd5 Bxd5 15.
Qxd5 Qxd5 16. Bxd5 Rd8 17. Rfe1 g6 18. Be4 Rxd4 19. Nf3 Rd8 20. c3 Rad7 21. a3
Rd6 22. Kf1 Nd7 23. Rad1 Nc5 24. Rxd6 Rxd6 25. Bc2 Kf8 26. h4 h5 27. Re2 a5 28.
Nd2 Bg7 29. a4 Nxa4 30. Bxa4 bxa4 31. Nxc4 Rd5 32. Ke1 Rb5 33. Kd1 Bf6 34. Kc2
Be7 35. Re5 Rxe5 36. Nxe5 a3 37. bxa3 Bxa3 38. Kb3 Bc5 39. Nd7+ 1-0

[Event "Toronto Chess to Remember"]
[Site "Toronto CAN"]
[Date "2018.09.23"]
[Round "2"]
[White "Wajdy, Shebetah"]
[Black "Dougherty, Michael"]
[Result "1/2-1/2"]
[WhiteElo "2041"]
[BlackElo "2066"]
[PlyCount "96"]
[EventDate "2018.09.23"]
[EventType "swiss (rapid)"]
[EventRounds "5"]
[EventCountry "CAN"]

1. d4 g6 2. Nf3 Bg7 3. e4 c5 4. c3 cxd4 5. cxd4 d5 6. e5 Nc6 7. Nc3 Nh6 8. h3
O-O 9. Be2 f6 10. exf6 exf6 11. O-O Nf5 12. Bf4 Kh8 13. g4 Nfe7 14. Qb3 a6 15.
Rfd1 Na5 16. Qa3 Re8 17. Qd6 Qxd6 18. Bxd6 Be6 19. Re1 Nc8 20. Bc7 Nc6 21. Bf1
N8a7 22. Rad1 Kg8 23. g5 Kf7 24. gxf6 Bxf6 25. Bg2 Nb5 26. Nxb5 axb5 27. a3 b4
28. axb4 Nxb4 29. Bd6 Nc2 30. Re2 Ra1 31. Rxa1 Nxa1 32. Be5 Nb3 33. Bxf6 Kxf6
34. Rc2 Rc8 35. Rxc8 Bxc8 36. Kf1 Kf5 37. Ke2 Kf4 38. Kd3 Bf5+ 39. Kc3 Nc1 40.
Kd2 Nd3 41. Nh4 Be4 42. f3 Nxb2 43. fxe4 dxe4 44. Bf1 e3+ 45. Kc2 Na4 46. Kd3
Nb2+ 47. Kc2 Na4 48. Kd3 Nb2+ 1/2-1/2

[Event "Toronto Chess to Remember"]
[Site "Toronto CAN"]
[Date "2018.09.23"]
[Round "3"]
[White "Dougherty, Michael"]
[Black "Liang, Hairan"]
[Result "0-1"]
[WhiteElo "2066"]
[BlackElo "2251"]
[PlyCount "23"]
[EventDate "2018.09.23"]
[EventType "swiss (rapid)"]
[EventRounds "5"]
[EventCountry "CAN"]

1. d4 Nf6 2. c4 e6 3. Nc3 Bb4 4. Nf3 b6 5. Bg5 Bb7 6. Nd2 c5 7. d5 exd5 8. Nxd5
Bxd5 9. cxd5 h6 10. Bh4 g5 11. Bg3 Ne4 12. Bh4 0-1